| 000 | 00428 a2200133 4500 | ||
|---|---|---|---|
| 999 |
_c321250 _d321250 |
||
| 001 | 86177 | ||
| 003 | NUST | ||
| 005 | 20180122091720.0 | ||
| 008 | 180122b xxu||||| |||| 00| 0 eng d | ||
| 020 | _a1595230181 | ||
| 082 | _a303.6250973 KUS | ||
| 100 |
_aHarvey W Kushner ; Bart Davis _99415 |
||
| 245 |
_aHoly war on the home front : the secret Islamic terror network in the United States _cHarvey W Kushner ; Bart Davis |
||
| 260 |
_aNew York _bSentinel _c2006 |
||
| 300 | _axxiii, 229 p. | ||
| 942 |
_aCAE NUST _cBK _k303.6250973 KUS _2ddc |
||